000 00578nam a2200217 i 4500
001 C2-0009258
003 PPAK
005 20190630221855.0
008 970128s1983 io |||| ||||| | may d
040 _aPPAK
_beng
_cPPAK
_erda
082 0 4 _a923.2
_223
090 0 0 _a923.2
_bANS
_dG
100 1 _aAnsorie, Diah,
_eauthor
245 1 0 _aMohandas Karanchand Gandhi
264 1 _aJakarta, Indonesia :
_bPN Balai Pustaka ,
_c1983
300 _a52 pages ;
_c21 cm
336 _2rdacontent
_atext
337 _2rdamedia
_aunmediated
338 _2rdacarrier
_avolume
942 _ddc
_cB
999 _c2337
_d2337